000
00326nam a2200145Ia 4500
008
191201s2010 xx 000 0 und d
082
_a
658.15
_b
GUM
100
_a
GUPTA, KULDEEP
245
0
_a
Managerial Economics
250
_a
6th rev
260
_a
N. Delhi
_b
UDH
_c
2010
300
_a
674
650
_a
BBA
942
_2
ddc
_c
BK
999
_c
4889
_d
4889